| 000 | 01962cam a22003734a 4500 | ||
|---|---|---|---|
| 001 | 15676832 | ||
| 005 | 20170105102924.0 | ||
| 008 | 090327s2010 enk b 001 0 eng | ||
| 010 | _a 2009013231 | ||
| 020 | _a9780415453073 (hardcover) | ||
| 020 | _a0415453070 | ||
| 020 | _a9780203869420 | ||
| 020 | _a0203869427 | ||
| 040 |
_aDLC _cDLC _dDLC |
||
| 043 |
_aa-ir--- _an-us--- |
||
| 050 | 0 | 0 |
_aJZ5665 _b.K49 2010 |
| 082 | 0 | 0 |
_a355.02/170955 _222 |
| 100 | 1 | _aKhan, Saira. | |
| 245 | 1 | 0 |
_aIran and nuclear weapons : _bprotracted conflict and proliferation / _cSaira Khan. |
| 260 |
_aLondon ; _aNew York : _bRoutledge, _cc2010. |
||
| 300 |
_axii, 156 p. ; _c24 cm. |
||
| 504 | _aIncludes bibliographical references (p. [138]-151) and index. | ||
| 505 | 0 | _aCauses of proliferation -- Factors utilized to comprehend Iran's nuclear weapons aspiration -- Theory -- Proliferation proclivities of protracted conflict states -- Case study : Iran -- Iran's nuclear ambition and twin protracted conflicts between 1947 and 1979 -- Iran's nuclear program and triple protracted conflicts from 1979 onwards -- The ramifications of the asymmetric Iran-US protracted conflict from 1990 to 2000 in Iran's nuclear domain -- Iran's fast-paced proliferation activity and hostile US policy since 2000. | |
| 650 | 0 |
_aNuclear arms control _zIran. |
|
| 650 | 0 |
_aNuclear weapons _zIran. |
|
| 650 | 0 |
_aNuclear nonproliferation _vCase studies. |
|
| 651 | 0 |
_aUnited States _xForeign relations _zIran. |
|
| 651 | 0 |
_aIran _xForeign relations _zUnited States. |
|
| 856 | 4 | 2 |
_3Publisher description _uhttp://www.loc.gov/catdir/enhancements/fy0908/2009013231-d.html |
| 856 | 4 | 2 |
_3Contributor biographical information _uhttp://www.loc.gov/catdir/enhancements/fy1009/2009013231-b.html |
| 906 |
_a7 _bcbc _corignew _d1 _eecip _f20 _gy-gencatlg |
||
| 942 |
_2ddc _cBK |
||
| 999 |
_c15717 _d15717 |
||